| 000 | 00000nam 2200000za 4500 |
| 001 | 9.697623 |
| 003 | CaOODSP |
| 005 | 20210624235549 |
| 007 | cr ||||||||||| |
| 008 | 150407s1991||||xxca||||o f001 0 eng d |
| 040 | |aCaOODSP|beng |
| 043 | |an-cn--- |
| 086 | 1 |aCC213-5/1991E-PDF |
| 110 | 1 |aCanada.|bFarm Credit Corporation. |bResearch and Planning Division. |
| 245 | 10|aFarm accounting standardization manual : |h[electronic resource] |ba manual of farm accounting terminology, reporting policies, and ratios to enhance sound farm management practices / |cprepared by Deloitte & Touche; prepared for Farm Accounting Standardization Review Committee. |
| 260 | |aOttawa : |bFarm Credit Corporation, |c1991. |
| 300 | |a116 p. : |bfig. |
| 500 | |a"May 1991". |
| 500 | |aHistorical publication digitized by Agriculture and Agri-Food Canada. |
| 504 | |aIncludes bibliographical references and indexes. |
| 590 | |a13-17-Supp|b2013-07-25 |
| 690 | 07|aAccounting|2gcpds |
| 690 | 07|aFarming|2gcpds |
| 690 | 07|aFinancial management|2gcpds |
| 776 | 0#|tFarm accounting standardization manual : |w(CaOODSP)9.644411 |
| 856 | 40|ahttp://publications.gc.ca|qPDF|s6.09 MB|uhttps://publications.gc.ca/collections/collection_2013/aac-aafc/agrhist/CC213-5-1991-eng.pdf |